Prvotné a nasledujúce oceňovanie reálnou hodnotou v účtovníctve podnikateľskej účtovnej jednotky

Analýza uplatňovania reálnej hodnoty ako oceňovacej veličiny v účtovníctve podnikateľskej účtovnej jednotky účtujúcej a vykazujúcej podľa slovenských právnych predpisov.

Gespeichert in:
Bibliographische Detailangaben
1. Verfasser: Šlosárová, Anna
Format: Buchkapitel
Sprache:Slowakisch
Schlagworte:
Tags: Tag hinzufügen
Keine Tags, Fügen Sie das erste Tag hinzu!

MARC

LEADER 00000naa$a2200000$$$4500
001 0094918
005 20240502072046.1
041 0 |a slo 
044 |a SK 
245 1 0 |a Prvotné a nasledujúce oceňovanie reálnou hodnotou v účtovníctve podnikateľskej účtovnej jednotky  |c Anna Šlosárová 
520 |a Analýza uplatňovania reálnej hodnoty ako oceňovacej veličiny v účtovníctve podnikateľskej účtovnej jednotky účtujúcej a vykazujúcej podľa slovenských právnych predpisov. 
610 2 0 |a účtovníctvo 
610 2 0 |a jednotka podnikateľská 
610 2 0 |a oceňovanie 
610 2 0 |a majetok podnikový 
610 2 0 |a záväzky podniku 
610 2 0 |a hodnota reálna 
610 2 0 |a úpravy právne 
610 2 0 |a Slovensko 
100 1 |a Šlosárová, Anna